Carta al Emperador (Record no. 2654)

MARC details
000 -CABECERA
campo de control de longitud fija 00876nam a2200241 a 4500
001 - NÚMERO DE CONTROL
campo de control BRCA_2915
005 - FECHA Y HORA DE LA ÚLTIMA TRANSACCIÓN
campo de control 20190320204028.0
008 - DATOS DE LONGITUD FIJA--INFORMACIÓN GENERAL
campo de control de longitud fija 121208s1949----mx-a---###---#000-0#spa-u
050 #4 - SIGNATURA TOPOGRÁFICA DE LA BIBLIOTECA DEL CONGRESO
Número de clasificación F1231
Número de documento/Ítem .M68 1949
100 1# - ENTRADA PRINCIPAL--NOMBRE DE PERSONA
Nombre de persona Motolinia, Fray Toribio
Fechas asociadas al nombre 1568
9 (RLIN) 8115
245 10 - MENCIÓN DE TÍTULO
Título Carta al Emperador
Resto del título refutación a Las Casas sobre la colonización española
Mención de responsabilidad, etc. Motolinia ; introd. y notas de José Bravo Ugarte.
260 ## - PUBLICACIÓN, DISTRIBUCIÓN, ETC.
Lugar de publicación, distribución, etc. México
Nombre del editor, distribuidor, etc. Jus
Fecha de publicación, distribución, etc. 1949
300 ## - DESCRIPCIÓN FÍSICA
Extensión 111 p.
Otras características físicas il.
Dimensiones 21 cm.
500 ## - NOTA GENERAL
Nota general B48
600 14 - PUNTO DE ACCESO ADICIONAL DE MATERIA--NOMBRE DE PERSONA
Nombre de persona Casas, Fray Bartolome de las
Fechas asociadas al nombre 1474-1566
9 (RLIN) 8116
651 #4 - PUNTO DE ACCESO ADICIONAL DE MATERIA--NOMBRE GEOGRÁFICO
Nombre geográfico México
Subdivisión general Historia
9 (RLIN) 614
700 1# - PUNTO DE ACCESO ADICIONAL--NOMBRE DE PERSONA
Nombre de persona Ramírez, José Fernando
Fechas asociadas al nombre 1804-1871
9 (RLIN) 8070
700 1# - PUNTO DE ACCESO ADICIONAL--NOMBRE DE PERSONA
Nombre de persona García Icazbalceta, Joaquín
Fechas asociadas al nombre 1825-1894
9 (RLIN) 8117
700 1# - PUNTO DE ACCESO ADICIONAL--NOMBRE DE PERSONA
Nombre de persona Carlos
Numeración I,
Títulos y otros términos asociados al nombre Rey de España y V emperador de Alemania,
Fechas asociadas al nombre 1500-1558
9 (RLIN) 8118
700 1# - PUNTO DE ACCESO ADICIONAL--NOMBRE DE PERSONA
Nombre de persona Bravo Ugarte, José
Término indicativo de función/relación ed
9 (RLIN) 8119
902 ## - CATALOGADOR
Iniciales GFM
942 ## - ELEMENTOS DE PUNTO DE ACCESO ADICIONAL (KOHA)
Fuente del sistema de clasificación o colocación Library of Congress Classification
Tipo de ítem Koha Libros
Holdings
Estado de retiro Estado de pérdida Estado dañado No para préstamo Localización permanente Ubicación/localización actual Fecha de adquisición Número de inventario Total de préstamos Signatura topográfica completa Código de barras Fecha visto por última vez Precio válido a partir de Tipo de ítem Koha
El ejemplar forma parte de la colección y puede ser consultado según las políticas vigentes.       Biblioteca del Museo Franz Mayer (Rogerio Casas-Alatriste) Biblioteca del Museo Franz Mayer (Rogerio Casas-Alatriste) 12/12/2008 B48   F1231 .M68 1949 (B48) 2912 22/03/2019 22/03/2019 Libros